Skyyart pene Luden - Statistiques

Statistiques générales
  • Ce quiz a été pris 225 fois
  • Le résultat moyen est 119 sur 214
Statistiques - réponses
Réponse % Correct
C'
95%
c'
95%
à
91%
a
91%
en
91%
péné
90%
d'
88%
est
88%
Luden
86%
le
85%
un
85%
de
84%
magique
84%
chiant
78%
flat
76%
gros
76%
mythique
74%
la
73%
les
73%
peu
73%
donne
72%
pas
71%
qui
70%
6
69%
ça
69%
j'
69%
gars
66%
18
65%
fait
65%
donc
63%
Donc
63%
item
63%
il
60%
10
59%
je
58%
16
57%
34
57%
flame
56%
shadow
56%
Shadow
56%
si
56%
et
51%
plus
50%
avec
49%
bottes
49%
Ouais
49%
dis
47%
void
45%
staff
44%
44
43%
dégats
43%
RM
41%
conneries
40%
deux
40%
70
37%
du
37%
0.6
35%
divisé
35%
items
35%
mais
35%
complets
33%
faut
33%
par
33%
patch
33%
monte
30%
pense
30%
que
30%
botlane
29%
des
29%
0.8
28%
73
28%
dit
28%
purs
28%
avait
27%
va
27%
avais
26%
dans
26%
nul
26%
y
26%
cas
24%
mex
24%
cast
23%
faire
23%
LOL
23%
mecs
23%
enlève
22%
globalement
22%
lane
22%
soit
22%
carrys
21%
coup
21%
jamais
21%
beaucoup
20%
près
20%
enlever
19%
mieux
19%
tout
19%
ils
16%
jusqu'à
16%
prendre
16%
vrai
16%
bah
14%
son
14%
sur
13%
ont
12%
parce
10%
après
7%
base
5%
ouf
2%
Aucun quiz correspondant
Distribution des résultats
% des personnes avec chaque résultat
Percentile par nombre de réponses
Votre historique - résultats
Vous n’avez pas pris ce quiz